Reine de France : Marie Stuart - Statistiques

Statistiques générales
  • Ce quiz a été pris 166 fois
  • Le résultat moyen est 10 sur 16
Statistiques - réponses
Questions Réponses % Correct
Nation britannique dont Marie Stuart fut également la reine six jours après sa naissance en 1542 et ce jusqu'en 1567. L'Écosse
99%
Couleur de la robe de Marie Stuart au moment de son exécution, couleur du martyre dans sa religion. Le rouge (fauve)
87%
Reine d'Angleterre née du second mariage du roi précédent (réponse #3), qui succéda à sa demi-sœur (réponse précédente), puis fit capturer et décapiter Marie Stuart à la hache. Elisabeth Ière
83%
Religion de Marie Stuart. Le catholicisme
83%
Roi de France qui accueillit Marie Stuart encore enfant en 1548, pour la protéger, selon la volonté de sa mère Marie de Guise. Henri II
77%
Roi de France qui fut l'époux de Marie Stuart entre 1558 et 1560, ce qui fit de Marie l'éphémère Reine de France pendant cette période, si bien qu'elle était reine de deux nations à la fois. François II
75%
Pays dont Marie Stuart encore enfant longeait les côtes pour éviter la flotte anglaise au moment de son exil vers la France. L'Irlande
70%
Langue dans laquelle Marie Stuart fit un discours devant la cour dans la grande salle du Louvre, en 1555, dans lequel elle affirme qu'une éducation aux lettres est adéquate pour une femme (de haut rang). Le latin
69%
Roi d'Angleterre, oncle éloigné de Marie, qui mena une lutte sans merci contre la nation précédente sous le règne de Jacques V, père de Marie, qui refusait de reconnaître son schisme religieux. Henri VIII
64%
Ville de France où Marie Stuart a souhaité être inhumée (son vœu ne sera pas respecté puisqu'elle repose à Westminster). Elle y avait déjà passé les traditionnels quarante jours de deuil après le décès de son mari, roi de France (réponse #8) en se retirant dans une "chambre noire" de l’abbaye Saint-Pierre-les-Dames. Cette ville est connue pour être le lieu du baptême de Clovis. Reims
64%
Reine d'Angleterre dont Marie Stuart prétendit à la succession car ses partisans avancèrent que la défunte reine était la seule fille légitime du précédent roi (réponse #3). Svp, identifiez cette reine par le nom de sa dynastie. Marie Tudor
53%
Fils de Marie Stuart qui ne partageait pas la même religion qu'elle et poursuivit même la répression à l'encontre de la communauté religieuse de sa mère après son accession au trône d'Angleterre. Jacques Ier / Jacques VI
49%
Duché annexé à la France au XVIIIe siècle (bien après la vie de Marie Stuart), d'où est originaire Marie de Guise, la mère de Marie Stuart. La Lorraine
41%
Actrice française qui incarna Marie Stuart sur les planches en 2006 dans "La Dernière Nuit pour Marie Stuart", une pièce de théâtre allemande de Wolfgang Hildesheimer (1971), adaptée et mise en scène par Didier Long. Elle a également incarné la Reine Margot au cinéma. Isabelle Adjani
38%
Port breton du "Pays de Léon" où débarqua Marie en 1548. Roscoff
23%
Nom donné à l'alliance entre la France et la nation de Marie, réactivée par le mariage entre cette dernière et le précédent : "l'___ Alliance". Auld
11%
Aucun quiz correspondant
Distribution des résultats
% des personnes avec chaque résultat
Percentile par nombre de réponses
Votre historique - résultats
Vous n’avez pas pris ce quiz